| 000 | 01330nas a2200325 4500 | ||
|---|---|---|---|
| 001 | BR8500626 | ||
| 003 | BR-BrBNA | ||
| 005 | 20231205090114.0 | ||
| 007 | ta | ||
| 008 | 230509b bl.|||p| |||| 00| 00por d | ||
| 040 |
_aBR-BrBNA _bpor _cBiblioteca Nacional de Agricultura |
||
| 041 | _a(Pt) | ||
| 072 | _aF22; F00 | ||
| 100 | 1 | _aSidiras, N. | |
| 100 | 1 | _aVieira, M.J. | |
| 111 | 1 |
_a19. Congresso Brasileiro de Ciencia do Solo _cCuritiba, PR (Brazil) _d17 Jul 1983 |
|
| 245 | 1 | _aComportamento de um latossolo roxo distrofico, compactado pelas rodas do trator na semeadura, rendimentos de tres culturas [soja, Glycine max, trigo, Triticum aestivum, rabanete, Raphanus sativus, Parana, Brasil] | |
| 246 | 1 | _aBehaviour of a dystrophic dusky red latosol when compacted by tractor's wheels during sowing, yield of three crops [soybean, Glycine max, wheat, Triticum aestivum, radish, Raphanus sativus, Parana, Brazil] | |
| 650 | _aSOJA | ||
| 650 | _aTRIGO | ||
| 650 | _aRABANETE | ||
| 650 | _aSEMEADURA | ||
| 650 | _aRENDIMENTO | ||
| 650 | _aCOMPACTACAO DO SOLO | ||
| 650 | _aLATOSSOLO ROXO DISTROFICO | ||
| 650 | _aPARANÁ | ||
| 773 | 0 |
_tPesquisa Agropecuaria Brasileira (Brazil) _xISSN 0100-204X _g(Oct 1984), v. 19(10) p. 1285-1293 _wBR8500626 |
|
| 909 |
_a202311 _bLúcia _c55 _dLúcia Elande |
||
| 942 |
_2AGRIS _n0 _cANA |
||
| 999 |
_c116181 _d116181 |
||